| 000 | 00555nam a22002177a 4500 | ||
|---|---|---|---|
| 003 | OSt | ||
| 005 | 20140310182915.0 | ||
| 008 | 130129t xxu||||| |||| 00| 0 eng d | ||
| 020 | _a9712306291 | ||
| 050 |
_aGV463 _b.D594 2003 |
||
| 082 |
_aFIL 796 _bD61 2003 |
||
| 245 |
_aGymnastics book _cDiƱoso, Clarita P. |
||
| 260 |
_aManila _bRex Book Store _cc1990 |
||
| 300 |
_aviii, 151 p. : _c22 cm. _bill. |
||
| 521 | _acollege students | ||
| 526 | _c1210L-1700L | ||
| 541 | _j1 | ||
| 541 | _j2 | ||
| 562 | _e2 | ||
| 942 |
_2lcc _cBK _kFIL |
||
| 999 |
_c17276 _d17276 |
||